مختصر مفید / (Record no. 71944)

MARC details
000 -LEADER
fixed length control field 00885nam a22002537a 4500
005 - DATE AND TIME OF LATEST TRANSACTION
control field 20100826122442.0
008 - FIXED-LENGTH DATA ELEMENTS--GENERAL INFORMATION
fixed length control field 090109t xxu||||| |||| 00| 0urd d
010 ## - LCCN (DPL NO)
LC control number UR-8001
020 ## - INTERNATIONAL STANDARD BOOK NUMBER
Terms of availability 150.00
International Standard Book Number 978-93-80124-16-2
035 ## - SYSTEM CONTROL NUMBER
System control number U-6556
037 ## - SOURCE OF ACQUISITION
Source of stock number/acquisition DBAD/PUB
040 ## - CATALOGING SOURCE
Original cataloging agency DPL
Language of cataloging urdu
082 ## - DEWEY DECIMAL CLASSIFICATION NUMBER
Classification number 841.8
100 ## - MAIN ENTRY--PERSONAL NAME
9 (RLIN) 12785
Personal name ر ؤ ف ا نو ر
245 ## - TITLE STATEMENT
Title مختصر مفید /
Remainder of title
Statement of responsibility, etc ر ؤ ف ا نو ر
246 ## - VARYING FORM OF TITLE
Title proper/short title Mukhtasar Mufeed
Remainder of title by Raoof Anwer
260 ## - PUBLICATION, DISTRIBUTION, ETC. (IMPRINT)
Place of publication, distribution, etc حید ر آ با د
Date of publication, distribution, etc 2009
Name of publisher, distributor, etc ا لنصا ر پبلی کیشنز
270 ## - ADDRESS
City Hyderabad
Telephone number 9391301192
Postal code 500 059
300 ## - PHYSICAL DESCRIPTION
Extent 110 ص
Dimensions 22 س م (Hb)
650 ## - SUBJECT ADDED ENTRY--TOPICAL TERM
9 (RLIN) 12786
700 ## - ADDED ENTRY--PERSONAL NAME
9 (RLIN) 54088
942 ## - ADDED ENTRY ELEMENTS (KOHA)
Source of classification or shelving scheme Dewey Decimal Classification
Item type Urdu Bks
Classification part 841.8
Call number suffix ر ؤ ف
Holdings
Withdrawn status Lost status Source of classification or shelving scheme Damaged status Not for loan Collection code Home library Current library Date acquired Cost, normal purchase price Total Checkouts Full call number Barcode Date last seen Copy number Cost, replacement price Koha item type
    Dewey Decimal Classification     Non-fiction D.B.Act.Division D.B.Act.Division 07/12/2012 150.00   841.8 ر ؤ ف U-6556 07/12/2012 1 150.00 Urdu Bks

© Delhi Public Library
Hit Counter
free hit counter